[Event "Baltic Sea Cup 2008"]
[Site "Ronne"]
[Date "2008.07.30"]
[Round "3"]
[White "Adolfssen, Rico"]
[Black "Kristiansen, Orla"]
[Result "1-0"]
[WhiteElo "1933"]
[BlackElo "1940"]
[PlyCount "69"]
[EventDate "2008.07.29"]


1. e4 e6 2. d4 d5 3. Nd2 Nf6 4. e5 Nfd7 5. f4 c5 6. Ngf3 Nc6 7. Nb3 c4 8. Nbd2
b5 9. Be2 Qb6 10. c3 b4 11. Qc2 Qa5 12. O-O Nb6 13. Kh1 h5 14. Nh4 Ne7 15. cxb4
Qxb4 16. Ndf3 Qa4 17. Qc3 Nc6 18. Bd1 Qa6 19. Ng5 Bb4 20. Qe3 c3 21. Be2 Nc4
22. Qf2 Qb6 23. Bxc4 dxc4 24. Be3 cxb2 25. Rab1 Bc3 26. Rfd1 Nb4 27. d5 Qa6 28.
Ne4 Nxa2 29. Nd6+ Kf8 30. dxe6 Bxe6 31. f5 Bxe5 32. fxe6 Bf6 33. exf7 Bxh4 34.
Qxh4 Qa4 35. Bc5 1-0

[Event "Baltic Sea Cup 2008"]
[Site "Ronne"]
[Date "2008.07.30"]
[Round "3"]
[White "Andersen, Dag"]
[Black "Christensen, Svend Ib"]
[Result "1-0"]
[WhiteElo "1944"]
[BlackElo "1531"]
[PlyCount "73"]
[EventDate "2008.07.29"]


1. d4 d5 2. Nf3 Nf6 3. c4 c6 4. Nc3 h6 5. e3 Bf5 6. Qb3 Qb6 7. c5 Qxb3 8. axb3
Nbd7 9. b4 e6 10. b5 Be7 11. bxc6 bxc6 12. b4 Ne4 13. Nxe4 Bxe4 14. Nd2 O-O 15.
f3 Bg6 16. Nb3 Nb8 17. Be2 f6 18. O-O Rc8 19. Bd2 Be8 20. Ra3 Bd8 21. Rfa1 Rc7
22. e4 Re7 23. Bd3 Bc7 24. Re1 Bd8 25. Ra2 Kf8 26. Na5 a6 27. Bf4 Bc7 28. Bd6
Bxd6 29. cxd6 Rd7 30. e5 f5 31. Bc2 Rda7 32. Ba4 Bd7 33. Rc1 Ke8 34. Rac2 Kd8
35. Kf2 g5 36. h3 f4 37. h4 1-0

[Event "Baltic Sea Cup 2008"]
[Site "Ronne"]
[Date "2008.07.30"]
[Round "3"]
[White "Andersen, Rune"]
[Black "Andersen, Harry"]
[Result "1/2-1/2"]
[WhiteElo "2143"]
[BlackElo "1904"]
[PlyCount "68"]
[EventDate "2008.07.29"]


1. d4 Nf6 2. c4 g6 3. Nc3 d5 4. Nf3 Bg7 5. Qb3 c6 6. cxd5 Nxd5 7. e4 Nxc3 8.
bxc3 O-O 9. Ba3 Nd7 10. Bd3 Nb6 11. h4 h5 12. Ng5 Bh6 13. f3 Bxg5 14. hxg5 Qc7
15. Kf2 Be6 16. c4 Qf4 17. Bc1 Qc7 18. Bb2 Qf4 19. d5 Qd2+ 20. Kf1 cxd5 21.
cxd5 Bd7 22. Bc1 Qa5 23. g4 f6 24. gxh5 fxg5 25. f4 Rac8 26. Rb1 Nxd5 27. exd5
Rxc1+ 28. Rxc1 Qd2 29. d6+ e6 30. Rc4 Bc6 31. Rg1 Rxf4+ 32. Rxf4 Qxf4+ 33. Ke1
Qe3+ 34. Kf1 Qf4+ 1/2-1/2

[Event "Baltic Sea Cup 2008"]
[Site "Ronne"]
[Date "2008.07.30"]
[Round "3"]
[White "Berg, Peter"]
[Black "Hein, Jacob"]
[Result "1-0"]
[WhiteElo "1998"]
[BlackElo "1603"]
[PlyCount "51"]
[EventDate "2008.07.29"]


1. d4 Nf6 2. Nf3 b6 3. e3 Bb7 4. c4 d5 5. Nc3 e6 6. Bd3 Bb4 7. O-O Ne4 8. Qa4+
Nc6 9. cxd5 exd5 10. Bb5 Qd6 11. Nxe4 dxe4 12. Ne5 a6 13. Bxc6+ Bxc6 14. Qxc6+
Qxc6 15. Nxc6 Bd6 16. Bd2 a5 17. f3 Kd7 18. Rac1 exf3 19. gxf3 f6 20. d5 Rae8
21. Bc3 Bc5 22. Bd4 Kd6 23. Bxc5+ bxc5 24. Nxa5 Rb8 25. e4 Rxb2 26. Nc4+ 1-0

[Event "Baltic Sea Cup 2008"]
[Site "Ronne"]
[Date "2008.07.30"]
[Round "3"]
[White "Brinck Claussen, Bjorn"]
[Black "Valet, Richard"]
[Result "1/2-1/2"]
[WhiteElo "2296"]
[BlackElo "2071"]
[PlyCount "68"]
[EventDate "2008.07.29"]


1. e4 c5 2. Nf3 Nc6 3. d4 cxd4 4. Nxd4 Nf6 5. Nc3 e5 6. Ndb5 d6 7. Bg5 a6 8.
Na3 b5 9. Nd5 Be7 10. Bxf6 Bxf6 11. c3 Bg5 12. Nc2 Rb8 13. b4 Ne7 14. Nxe7 Qxe7
15. a4 Qc7 16. Qd3 O-O 17. axb5 axb5 18. h4 Bh6 19. Ne3 Be6 20. Be2 Rfc8 21.
Ra3 Bxe3 22. Qxe3 d5 23. O-O dxe4 24. Qxe4 f5 25. Qe3 Bd5 26. Rd1 f4 27. Qh3
Rd8 28. Bg4 Bf7 29. Re1 Rd2 30. Be6 Re8 31. Bxf7+ Qxf7 32. Qf3 Qd5 33. Qg4 Qf7
34. Qf3 Rc8 1/2-1/2

[Event "Baltic Sea Cup 2008"]
[Site "Ronne"]
[Date "2008.07.30"]
[Round "3"]
[White "Frisk, Hans"]
[Black "Kristensen, Kaare Hove"]
[Result "0-1"]
[WhiteElo "2011"]
[BlackElo "2259"]
[PlyCount "72"]
[EventDate "2008.07.29"]


1. Nc3 c5 2. e4 d6 3. f4 g6 4. Nf3 Bg7 5. Be2 Nc6 6. O-O e6 7. d3 Nge7 8. Be3
Nd4 9. e5 Nxf3+ 10. Bxf3 Nf5 11. Bf2 dxe5 12. fxe5 Bxe5 13. Ne4 Bd4 14. c3
Bxf2+ 15. Rxf2 Qe7 16. g4 Nd6 17. Nf6+ Kf8 18. Bg2 Ne8 19. Qd2 Nxf6 20. Raf1
Nxg4 21. Rxf7+ Qxf7 22. Rxf7+ Kxf7 23. Qf4+ Nf6 24. Qc7+ Bd7 25. Bxb7 Rab8 26.
a4 Rhd8 27. c4 Ne8 28. Qa5 Rxb7 29. Qxd8 Bxa4 30. Qa5 Bd7 31. Qxc5 Rxb2 32.
Qxa7 Nf6 33. Qa1 Rd2 34. Qc3 Rd1+ 35. Kf2 Ng4+ 36. Kf3 Rxd3+ 0-1

[Event "Baltic Sea Cup 2008"]
[Site "Ronne"]
[Date "2008.07.30"]
[Round "3"]
[White "Golod, Vitali"]
[Black "Medvegy, Nora"]
[Result "1-0"]
[WhiteElo "2578"]
[BlackElo "2353"]
[PlyCount "77"]
[EventDate "2008.07.29"]


1. d4 Nf6 2. c4 e6 3. Nf3 b6 4. a3 Bb7 5. Nc3 d5 6. cxd5 Nxd5 7. Qc2 Be7 8. e4
Nxc3 9. bxc3 O-O 10. Bd3 c5 11. O-O Qc7 12. Qe2 Nd7 13. e5 Rfd8 14. h4 Nf8 15.
h5 Rac8 16. Be3 Rd7 17. Rfd1 Qd8 18. Bb5 Bc6 19. a4 cxd4 20. Nxd4 Bxb5 21. axb5
Rxc3 22. Nc6 Rxd1+ 23. Qxd1 Qxd1+ 24. Rxd1 Ba3 25. Nxa7 Bc5 26. Nc8 f6 27. Rd8
Bxe3 28. fxe3 Rc7 29. Nxb6 Rb7 30. Rd6 fxe5 31. Kf2 Kf7 32. Ke2 Rb8 33. Rc6 Kf6
34. Kd3 Kg5 35. Kc4 Kxh5 36. Nc8 Kg4 37. Rc7 g6 38. Nd6 Kg3 39. Rc8 1-0

[Event "Baltic Sea Cup 2008"]
[Site "Ronne"]
[Date "2008.07.30"]
[Round "3"]
[White "Gyimesi, Zoltan"]
[Black "Teschke, Olaf"]
[Result "1-0"]
[WhiteElo "2586"]
[BlackElo "2298"]
[PlyCount "71"]
[EventDate "2008.07.29"]


1. d4 d5 2. c4 e6 3. Nf3 Nf6 4. Nc3 Nbd7 5. cxd5 exd5 6. Bg5 c6 7. e3 Qa5 8.
Nd2 Ne4 9. Ndxe4 dxe4 10. Bf4 Nb6 11. Qc2 Be6 12. Bc7 Bb4 13. Be2 Rc8 14. Bxb6
axb6 15. a3 Bxc3+ 16. bxc3 c5 17. O-O cxd4 18. exd4 Rxc3 19. Qxe4 O-O 20. Bf3
Rd8 21. Qxb7 Rxd4 22. Rfd1 Rxd1+ 23. Rxd1 g6 24. h4 Rxa3 25. h5 Kg7 26. Qb8 Qg5
27. h6+ Qxh6 28. Qe5+ f6 29. Qxe6 Ra7 30. Rd7+ Rxd7 31. Qxd7+ Kf8 32. Qd8+ Kg7
33. Qe7+ Kh8 34. Qxf6+ Qg7 35. Qd8+ Qg8 36. Qxb6 1-0

[Event "Baltic Sea Cup 2008"]
[Site "Ronne"]
[Date "2008.07.30"]
[Round "3"]
[White "Hansen, Lars Bo"]
[Black "Vitiugov, Nikita"]
[Result "1/2-1/2"]
[WhiteElo "2569"]
[BlackElo "2616"]
[PlyCount "54"]
[EventDate "2008.07.29"]


1. d4 Nf6 2. Nf3 d5 3. c4 e6 4. e3 c5 5. Nc3 a6 6. dxc5 Bxc5 7. a3 Bd6 8. cxd5
exd5 9. Be2 O-O 10. O-O Nc6 11. b4 Be6 12. Bb2 Qe7 13. b5 axb5 14. Nxb5 Bc5 15.
Nfd4 Ne4 16. Bd3 Nxd4 17. exd4 Bb6 18. a4 Rfd8 19. Qe2 Qg5 20. Bc1 Qf6 21. Be3
Bf5 22. f3 Nd6 23. Nxd6 Rxd6 24. Bxf5 Qxf5 25. Qb5 Qf6 26. Kh1 Bxd4 27. Bxd4
Qxd4 1/2-1/2

[Event "Baltic Sea Cup 2008"]
[Site "Ronne"]
[Date "2008.07.30"]
[Round "3"]
[White "Hansen, Martin"]
[Black "Jannik, Morten Emil"]
[Result "1-0"]
[WhiteElo "2128"]
[BlackElo "1534"]
[PlyCount "36"]
[EventDate "2008.07.29"]


1. e4 c6 2. d4 d5 3. Nc3 dxe4 4. Nxe4 Nf6 5. Nxf6+ gxf6 6. c3 Bf5 7. Nf3 e6 8.
g3 Bd6 9. Bg2 Nd7 10. O-O Qc7 11. Be3 O-O-O 12. c4 c5 13. Qe2 h5 14. h4 cxd4
15. Nxd4 Ne5 16. Nxf5 exf5 17. c5 Be7 18. b4 Bd6 1-0

[Event "Baltic Sea Cup 2008"]
[Site "Ronne"]
[Date "2008.07.30"]
[Round "3"]
[White "Hansen, Soren Otto"]
[Black "Madsen, Jens Finnerup"]
[Result "1-0"]
[WhiteElo "1682"]
[BlackElo "1162"]
[PlyCount "89"]
[EventDate "2008.07.29"]


1. e4 e5 2. Nf3 Nc6 3. Bb5 Nf6 4. O-O d6 5. d4 Bd7 6. Re1 Be7 7. d5 Nb8 8.
Bxd7+ Nbxd7 9. c4 O-O 10. Nbd2 b6 11. Nf1 Nh5 12. Nxe5 Nxe5 13. Qxh5 g6 14. Qe2
Bf6 15. f4 Nd7 16. Ng3 Re8 17. Qg4 Bh4 18. Bd2 Bxg3 19. Qxg3 h6 20. Bc3 Kh7 21.
e5 Nf8 22. Re2 Qd7 23. Rae1 Qf5 24. exd6 Rxe2 25. Rxe2 cxd6 26. Qe3 Nd7 27. Qe4
f6 28. Qe3 g5 29. fxg5 Ne5 30. Rf2 Qxg5 31. Qe4+ Kg7 32. Rf4 Rf8 33. Bxe5 Qxe5
34. Rg4+ Kf7 35. Qh7+ Ke8 36. Re4 Kd8 37. Rxe5 fxe5 38. Qxh6 Ke7 39. Qe6+ Kd8
40. Qxd6+ Ke8 41. Qxe5+ Kd7 42. Qe6+ Kd8 43. d6 Re8 44. Qf7 a6 45. Qc7# 1-0

[Event "Baltic Sea Cup 2008"]
[Site "Ronne"]
[Date "2008.07.30"]
[Round "3"]
[White "Jahncke, Giso"]
[Black "Rothwell, Jonathan"]
[Result "1-0"]
[WhiteElo "2052"]
[BlackElo "1700"]
[PlyCount "49"]
[EventDate "2008.07.29"]


1. e4 e5 2. Nf3 Nc6 3. Bb5 a6 4. Ba4 b5 5. Bb3 Nf6 6. d4 exd4 7. e5 Qe7 8. O-O
Ne4 9. Bd5 Nc5 10. Nxd4 Bb7 11. Nf5 Qd8 12. Re1 Ne7 13. Bxb7 Nxb7 14. Bg5 h6
15. Bxe7 Bxe7 16. Nxg7+ Kf8 17. Nf5 Bg5 18. Nc3 Nc5 19. h4 Bxh4 20. Nxh4 Qxh4
21. Qd5 c6 22. Qxc5+ Kg7 23. Re4 Qg5 24. Qd4 Kh7 25. Rg4 1-0

[Event "Baltic Sea Cup 2008"]
[Site "Ronne"]
[Date "2008.07.30"]
[Round "3"]
[White "Jensen, Byrial"]
[Black "Holt, Michael"]
[Result "1-0"]
[WhiteElo "1656"]
[BlackElo "1000"]
[PlyCount "73"]
[EventDate "2008.07.29"]


1. e4 e5 2. Bc4 Nf6 3. d4 d6 4. dxe5 Nxe4 5. Bxf7+ Kxf7 6. Qd5+ Be6 7. Qxe4
dxe5 8. Nf3 Nc6 9. Nxe5+ Nxe5 10. Qxe5 Qd6 11. Qf4+ Qxf4 12. Bxf4 Bb4+ 13. c3
Bd6 14. Bxd6 cxd6 15. Nd2 Rhe8 16. O-O-O Bxa2 17. b3 Re2 18. Kb2 Bxb3 19. Kxb3
Rxf2 20. Rdf1 Rxf1 21. Rxf1+ Ke6 22. c4 d5 23. cxd5+ Kxd5 24. Rf7 Rd8 25. Rxg7
Kc6 26. Nc4 b5 27. Nb2 a5 28. Rxh7 a4+ 29. Nxa4 bxa4+ 30. Kxa4 Rd4+ 31. Kb3 Kd5
32. Rd7+ Ke5 33. Rxd4 Kxd4 34. g4 Ke4 35. g5 Kf5 36. h4 Kg6 37. Kc4 1-0

[Event "Baltic Sea Cup 2008"]
[Site "Ronne"]
[Date "2008.07.30"]
[Round "3"]
[White "Jensen, Jan Kargaard"]
[Black "Hansen, Mads"]
[Result "0-1"]
[WhiteElo "1813"]
[BlackElo "2041"]
[PlyCount "72"]
[EventDate "2008.07.29"]


1. d4 Nf6 2. c4 e6 3. Nf3 d5 4. e3 c6 5. Nc3 Nbd7 6. cxd5 exd5 7. Bd3 Bb4 8.
O-O O-O 9. Qc2 Re8 10. a3 Bd6 11. b4 Nf8 12. h3 Qe7 13. Bb2 Ne4 14. b5 f5 15.
Ne2 Bd7 16. a4 Ng6 17. Rad1 Kh8 18. Bc1 Rac8 19. Qb3 Rf8 20. Nf4 Nh4 21. Ne5
Be8 22. f3 Ng3 23. Rfe1 g5 24. Ne2 Nxe2+ 25. Rxe2 Bh5 26. Rf2 g4 27. hxg4 fxg4
28. Nxg4 Bxg4 29. fxg4 Bh2+ 30. Kf1 Bg3 31. Rxf8+ Rxf8+ 32. Bf5 Nxf5 33. gxf5
Rxf5+ 34. Ke2 Qe4 35. Rg1 Rf2+ 36. Kd1 Qg4+ 0-1

[Event "Baltic Sea Cup 2008"]
[Site "Ronne"]
[Date "2008.07.30"]
[Round "3"]
[White "Johansen, Johnny Holler"]
[Black "Koop, Th Boerge"]
[Result "1/2-1/2"]
[WhiteElo "2029"]
[BlackElo "1568"]
[PlyCount "104"]
[EventDate "2008.07.29"]


1. e4 e5 2. Nf3 Nc6 3. d3 Nf6 4. g3 Bc5 5. Bg2 d6 6. O-O O-O 7. c3 d5 8. Qc2
dxe4 9. dxe4 Be6 10. b4 Bd6 11. Nbd2 h6 12. Bb2 b5 13. a4 a6 14. axb5 axb5 15.
Rxa8 Qxa8 16. Ra1 Qb7 17. Ne1 Ra8 18. Rxa8+ Qxa8 19. Nd3 Qa7 20. Kh1 g5 21. Nf1
Nd7 22. Ne3 Ne7 23. Qd1 Qa2 24. Qa1 Qb3 25. Bf3 f5 26. Bd1 Qa2 27. Qxa2 Bxa2
28. Nxf5 Bb1 29. Be2 g4 30. Ne1 Nxf5 31. Bxg4 Ne3 32. Bxd7 Nd1 33. Bc1 Nxc3 34.
Bxh6 Bxb4 35. Bd2 c5 36. Kg2 Bxe4+ 37. f3 Bg6 38. Kf1 Kf7 39. Bxc3 Bxc3 40.
Bxb5 Ke6 41. Bc4+ Ke7 42. Ke2 Bd4 43. h4 e4 44. g4 exf3+ 45. Kxf3 Kf6 46. Ke2
Be4 47. Bd3 Ke5 48. Bxe4 Kxe4 49. Nf3 Bg7 50. Ng5+ Kf4 51. Ne6+ Kxg4 52. Nxg7
Kxh4 1/2-1/2

[Event "Baltic Sea Cup 2008"]
[Site "Ronne"]
[Date "2008.07.30"]
[Round "3"]
[White "Knof, Henrike"]
[Black "Caceres, Cipriano Sande"]
[Result "0-1"]
[WhiteElo "1477"]
[BlackElo "1792"]
[PlyCount "44"]
[EventDate "2008.07.29"]


1. e4 c5 2. Nf3 g6 3. d4 cxd4 4. Nxd4 Bg7 5. Be3 a6 6. Nc3 e6 7. Bd3 Ne7 8. a3
Nbc6 9. Nde2 b5 10. O-O O-O 11. Qd2 d5 12. exd5 exd5 13. Bh6 Ne5 14. Bxg7 Kxg7
15. Nf4 Bb7 16. h4 Nxd3 17. cxd3 Nf5 18. h5 Qd6 19. g4 Nh4 20. f3 h6 21. Qh2
Qc5+ 22. Rf2 Nxf3+ 0-1

[Event "Baltic Sea Cup 2008"]
[Site "Ronne"]
[Date "2008.07.30"]
[Round "3"]
[White "Koop, Soeren"]
[Black "Christensen, John"]
[Result "0-1"]
[WhiteElo "1897"]
[BlackElo "2116"]
[PlyCount "84"]
[EventDate "2008.07.29"]


1. e4 b6 2. d4 Bb7 3. Bd3 e6 4. a3 c5 5. Nf3 Qc7 6. c4 Ne7 7. Nc3 a6 8. d5 e5
9. O-O d6 10. Be3 Nd7 11. Nh4 Ng6 12. Nf5 Nf4 13. Bxf4 exf4 14. g3 g6 15. Nh4
Qd8 16. Nf3 Bh6 17. Re1 Ne5 18. Nxe5 dxe5 19. Bf1 Qd6 20. Qa4+ Ke7 21. Bh3 Bc8
22. Bxc8 Rhxc8 23. gxf4 Bxf4 24. Ne2 Bg5 25. Qb3 h5 26. Qg3 Bh6 27. Rf1 g5 28.
Qh3 h4 29. Nc3 Rg8 30. Qg4 Rg6 31. a4 Rf6 32. Ne2 Rg8 33. f3 Rgg6 34. Kh1 Qd8
35. h3 Rd6 36. Qf5 Bg7 37. Rg1 Kf8 38. Rgf1 g4 39. f4 Rdf6 40. Qh5 gxh3 41.
fxe5 Rg5 42. Qxh4 Rxf1+ 0-1

[Event "Baltic Sea Cup 2008"]
[Site "Ronne"]
[Date "2008.07.30"]
[Round "3"]
[White "Lilleoren, Morten"]
[Black "Mejlvang, Jens Peter"]
[Result "1-0"]
[WhiteElo "2105"]
[BlackElo "1845"]
[PlyCount "54"]
[EventDate "2008.07.29"]


1. c4 f5 2. Nf3 Nf6 3. g3 g6 4. Bg2 Bg7 5. O-O O-O 6. Nc3 d6 7. d3 e5 8. Rb1 a5
9. a3 c6 10. b4 axb4 11. axb4 Nh5 12. Qb3 f4 13. Bb2 Be6 14. Ra1 Rxa1 15. Rxa1
g5 16. Ne4 h6 17. b5 g4 18. Nfd2 Qe7 19. bxc6 bxc6 20. Qb4 c5 21. Qb6 Qd8 22.
Qxd6 Qxd6 23. Nxd6 Nd7 24. Ra8 Nhf6 25. Rxf8+ Bxf8 26. N6e4 Kf7 27. Nxf6 Nxf6
1-0

[Event "Baltic Sea Cup 2008"]
[Site "Ronne"]
[Date "2008.07.30"]
[Round "3"]
[White "Lund, Silas"]
[Black "Savchenko, Boris"]
[Result "0-1"]
[WhiteElo "2431"]
[BlackElo "2578"]
[PlyCount "122"]
[EventDate "2008.07.29"]


1. d4 Nf6 2. c4 g6 3. Nc3 Bg7 4. e4 d6 5. Be2 O-O 6. Nf3 e5 7. O-O Nc6 8. d5
Ne7 9. Ne1 h6 10. Be3 Nh7 11. Qd2 h5 12. Nd3 f5 13. exf5 Nxf5 14. Ne4 Nf6 15.
Bf3 Nxe3 16. Qxe3 Ng4 17. Bxg4 hxg4 18. f3 gxf3 19. Rxf3 Rxf3 20. Qxf3 Qh4 21.
Ndf2 Bf5 22. g3 Qe7 23. Rf1 a6 24. g4 Bd7 25. Nd3 Be8 26. b3 c6 27. dxc6 Bxc6
28. Nf6+ Bxf6 29. Qxf6 Qxf6 30. Rxf6 Rd8 31. Rxg6+ Kf7 32. Rh6 Be4 33. Nb4 Kg7
34. Rh3 Bb1 35. a4 Rf8 36. Re3 Rf4 37. h3 Rd4 38. a5 Rd2 39. Kf1 Rb2 40. Rc3
Kf6 41. h4 Rh2 42. Nd5+ Ke6 43. h5 Be4 44. Nc7+ Kf6 45. Re3 Bc6 46. Rd3 Kg5 47.
Rxd6 Bf3 48. Ke1 Bxg4 49. Rd2 Rxh5 50. b4 Rh3 51. b5 e4 52. Nd5 e3 53. Nxe3
Rxe3+ 54. Kf2 Ra3 55. Rd5+ Bf5 56. bxa6 bxa6 57. Ke2 Kf4 58. Kd2 Be4 59. Rc5
Rd3+ 60. Kc1 Ke3 61. Rc7 Rb3 0-1

[Event "Baltic Sea Cup 2008"]
[Site "Ronne"]
[Date "2008.07.30"]
[Round "3"]
[White "Magnussen, Helge"]
[Black "Andersen, Jonas Odgaard"]
[Result "1-0"]
[WhiteElo "2012"]
[BlackElo "1000"]
[PlyCount "41"]
[EventDate "2008.07.29"]


1. d4 d5 2. c4 Nf6 3. Nc3 e6 4. Bg5 Bb4 5. e3 O-O 6. Nf3 Nc6 7. Bd3 Na5 8. cxd5
exd5 9. O-O Bg4 10. Bxf6 Qxf6 11. Nxd5 Qd6 12. Nxb4 Qxb4 13. Bxh7+ Kxh7 14.
Ng5+ Kg8 15. Qxg4 Rfe8 16. Qh5 Qc4 17. Rac1 Qd3 18. Qxf7+ Kh8 19. Rxc7 Rg8 20.
Qh5+ Qh7 21. Qxh7# 1-0

[Event "Baltic Sea Cup 2008"]
[Site "Ronne"]
[Date "2008.07.30"]
[Round "3"]
[White "Marzano, Carlo"]
[Black "Larsen, Bjorn H"]
[Result "1-0"]
[WhiteElo "2177"]
[BlackElo "1940"]
[PlyCount "137"]
[EventDate "2008.07.29"]


1. Nc3 d5 2. e3 g6 3. d4 Bg7 4. Nf3 Bg4 5. Be2 Nf6 6. h3 Bxf3 7. Bxf3 O-O 8. e4
dxe4 9. Nxe4 c6 10. Nxf6+ Bxf6 11. c3 e5 12. dxe5 Qxd1+ 13. Kxd1 Bxe5 14. Kc2
Nd7 15. Rd1 Rad8 16. Bg5 f6 17. Be3 Bb8 18. Be2 Nb6 19. c4 Kg7 20. a4 Bc7 21.
a5 Nc8 22. b4 Rxd1 23. Rxd1 Rd8 24. Rxd8 Bxd8 25. Bd3 a6 26. Be2 Nd6 27. Kd3
Kf7 28. Bd1 Ke7 29. g4 Kd7 30. Bc2 Ne8 31. Bb3 Ng7 32. f4 Be7 33. Bd2 Bd6 34.
Ke4 Bf8 35. Bc3 Ne8 36. c5 Bg7 37. f5 g5 38. Bg8 h6 39. Be6+ Kc7 40. Be1 Bf8
41. h4 Be7 42. h5 Kd8 43. Bg3 Bf8 44. Bb8 Nc7 45. Ba7 Na8 46. Kd4 Kc7 47. Bb6+
Nxb6 48. axb6+ Kd8 49. Bc4 Kc8 50. Be2 Be7 51. Bc4 Bf8 52. Be6+ Kd8 53. Kc4 Be7
54. Kb3 Bf8 55. Ka4 Be7 56. Ka5 Bf8 57. Bc4 Kc8 58. Bxa6 Be7 59. Bc4 Kb8 60.
Be6 Bf8 61. Ka4 Be7 62. Kb3 Bf8 63. Kc4 Be7 64. Bd7 Bf8 65. b5 cxb5+ 66. Kxb5
Be7 67. c6 bxc6+ 68. Kxc6 Bd8 69. Be6 1-0

[Event "Baltic Sea Cup 2008"]
[Site "Ronne"]
[Date "2008.07.30"]
[Round "3"]
[White "Nielsen, Nicholas Roland"]
[Black "Andersen, Daniel"]
[Result "1-0"]
[WhiteElo "2198"]
[BlackElo "1969"]
[PlyCount "43"]
[EventDate "2008.07.29"]


1. e4 e6 2. d4 d5 3. Nc3 Nf6 4. e5 Nfd7 5. f4 c5 6. Nf3 Nc6 7. Be3 Be7 8. Qd2
O-O 9. O-O-O c4 10. f5 b5 11. fxe6 fxe6 12. Ng5 b4 13. Nb1 Nb6 14. c3 a5 15.
Be2 Bxg5 16. Bxg5 Qc7 17. Rdf1 Bd7 18. Qe3 Rae8 19. Qg3 Kh8 20. Bh5 Rb8 21. Qh3
bxc3 22. Bg6 1-0

[Event "Baltic Sea Cup 2008"]
[Site "Ronne"]
[Date "2008.07.30"]
[Round "3"]
[White "Rostgaard, Tobias Valentin"]
[Black "Kraft, Rene"]
[Result "1-0"]
[WhiteElo "2035"]
[BlackElo "1663"]
[PlyCount "45"]
[EventDate "2008.07.29"]


1. e4 b6 2. d4 Bb7 3. Bd3 Nf6 4. Qe2 Nc6 5. c3 e6 6. Nf3 Be7 7. O-O a5 8. Bg5
h6 9. Bh4 g5 10. Bg3 Nh5 11. Nbd2 Nf4 12. Bxf4 gxf4 13. d5 Nb8 14. dxe6 dxe6
15. Rad1 Bg5 16. Bb5+ c6 17. Nc4 Qc7 18. Nd6+ Ke7 19. Bc4 Rd8 20. e5 b5 21. Bb3
Kf8 22. Nxg5 hxg5 23. Qh5 1-0

[Event "Baltic Sea Cup 2008"]
[Site "Ronne"]
[Date "2008.07.30"]
[Round "3"]
[White "Schmidt, Horst Hubert"]
[Black "Welz, Peter"]
[Result "0-1"]
[WhiteElo "1925"]
[BlackElo "2169"]
[PlyCount "86"]
[EventDate "2008.07.29"]


1. d4 f5 2. g3 Nf6 3. Bg2 g6 4. c4 Bg7 5. Nc3 O-O 6. Bg5 c5 7. Bxf6 Bxf6 8. e3
cxd4 9. exd4 Qb6 10. Nge2 Nc6 11. d5 Qxb2 12. O-O Ne5 13. Rb1 Qa3 14. Qb3 Qc5
15. d6 e6 16. Rfd1 Qxc4 17. Qxc4 Nxc4 18. Bxb7 Rb8 19. Bg2 Rxb1 20. Nxb1 Be5
21. Nd2 Nb2 22. Rb1 Ba6 23. Nc1 Rc8 24. Bf1 Bxf1 25. Kxf1 Bxd6 26. Rxb2 Rxc1+
27. Ke2 Kf7 28. Rb7 Rc7 29. Rb3 Rc2 30. Rb7 Ke7 31. a4 a5 32. Kd3 Ra2 33. h3
Rxa4 34. Nc4 e5 35. Rxd7+ Kxd7 36. Nb6+ Kc6 37. Nxa4 Kb5 38. Nc3+ Kb4 39. Na2+
Kb3 40. Nc1+ Kb2 41. Kd2 e4 42. g4 a4 43. gxf5 Bf4+ 0-1

[Event "Baltic Sea Cup 2008"]
[Site "Ronne"]
[Date "2008.07.30"]
[Round "3"]
[White "Thjomoe, Hans Richard"]
[Black "Christensen, Klaus"]
[Result "0-1"]
[WhiteElo "1735"]
[BlackElo "2034"]
[PlyCount "100"]
[EventDate "2008.07.29"]


1. e4 c5 2. Nf3 Nc6 3. d4 cxd4 4. Nxd4 Nf6 5. Nc3 e5 6. Ndb5 d6 7. a4 a6 8. Na3
Be6 9. Bc4 Rc8 10. Be3 Nb4 11. Bxe6 fxe6 12. O-O d5 13. exd5 exd5 14. f4 e4 15.
Bd4 Qd7 16. h3 Be7 17. Ne2 O-O 18. c3 Nd3 19. Qb3 Nc5 20. Qd1 Qxa4 21. Nc2 Qb5
22. Bxf6 Bxf6 23. Qxd5+ Kh8 24. Ncd4 Qxb2 25. Ra2 Qb6 26. Kh1 Rcd8 27. Qc4 Rfe8
28. Ng3 Bxd4 29. cxd4 Nd3 30. d5 Qc5 31. Rc2 Qxd5 32. Qxd5 Rxd5 33. Nxe4 h6 34.
Ng3 b5 35. f5 Rf8 36. Rc6 a5 37. f6 Rxf6 38. Rfxf6 gxf6 39. Rxf6 Kg7 40. Ra6 b4
41. Ne4 b3 42. Ra7+ Kg6 43. g4 Nb4 44. Rb7 Rd4 45. Kg2 b2 46. Rb6+ Kf7 47. Rb7+
Ke6 48. Rb6+ Ke5 49. Nc3 Rd2+ 50. Kg1 Rc2 0-1

[Event "Baltic Sea Cup 2008"]
[Site "Ronne"]
[Date "2008.07.30"]
[Round "3"]
[White "Tiviakov, Sergei"]
[Black "Iljushin, Alexei"]
[Result "1-0"]
[WhiteElo "2645"]
[BlackElo "2546"]
[PlyCount "125"]
[EventDate "2008.07.29"]


1. e4 c5 2. c3 g6 3. d4 cxd4 4. cxd4 d5 5. e5 Nc6 6. Nc3 a6 7. h3 h5 8. Nf3 Nh6
9. Bd3 Nf5 10. Be3 e6 11. Bxf5 gxf5 12. Bg5 Be7 13. Bxe7 Qxe7 14. Qd2 h4 15.
O-O-O Bd7 16. Ne2 a5 17. Kb1 a4 18. Ne1 Na5 19. Nc2 Bb5 20. Nf4 Bc4 21. Rhe1
Kd7 22. Re3 Rhc8 23. Nh5 Rc6 24. Nf6+ Kc7 25. g3 Kb8 26. gxh4 Bb3 27. axb3 axb3
28. Na3 Nc4 29. Nxc4 dxc4 30. Qc3 b5 31. d5 b4 32. Nd7+ Qxd7 33. Qxb4+ Kc7 34.
d6+ Kd8 35. Kc1 Ra1+ 36. Kd2 Rxd1+ 37. Kxd1 Qa7 38. Ke2 f4 39. Rc3 Qd4 40. Kf1
Qd1+ 41. Kg2 Qd5+ 42. Kg1 Qd1+ 43. Kh2 Qd4 44. Qa5+ Kd7 45. Rf3 f6 46. exf6
Qxf6 47. Qa7+ Kxd6 48. Rc3 Qe5 49. Rc1 Rc5 50. Rg1 Qd4 51. Qb6+ Ke7 52. h5 Rd5
53. Qb7+ Kd6 54. h6 Qxf2+ 55. Rg2 Qh4 56. Qb6+ Ke7 57. Qc7+ Kf6 58. Qg7+ Kf5
59. h7 Rd3 60. Qg4+ Qxg4 61. hxg4+ Ke4 62. h8=Q f3 63. Rf2 1-0

[Event "Baltic Sea Cup 2008"]
[Site "Ronne"]
[Date "2008.07.30"]
[Round "3"]
[White "Urkedal, Frode Olav Olsen"]
[Black "Kuzubov, Yuriy"]
[Result "0-1"]
[WhiteElo "2299"]
[BlackElo "2578"]
[PlyCount "88"]
[EventDate "2008.07.29"]


1. d4 g6 2. c4 Nf6 3. Nc3 d5 4. Nf3 Bg7 5. Bg5 Ne4 6. cxd5 Nxg5 7. Nxg5 e6 8.
Qa4+ Bd7 9. Qb3 Qxg5 10. Qxb7 O-O 11. Qxa8 Nc6 12. Qxf8+ Kxf8 13. dxc6 Bxc6 14.
e3 Bb7 15. O-O-O c5 16. h4 Qf5 17. f3 cxd4 18. Bd3 Qa5 19. exd4 Bxd4 20. Kd2
Bxc3+ 21. bxc3 Qxa2+ 22. Bc2 Qd5+ 23. Kc1 Qc5 24. Kb2 h5 25. Rd4 Bd5 26. Rhd1
Kg7 27. R1d2 a5 28. Ba4 Qb6+ 29. Kc1 Qb7 30. c4 Bc6 31. Bxc6 Qxc6 32. f4 Qc5
33. Kb2 Kf6 34. g3 Qb4+ 35. Ka2 Kf5 36. R2d3 a4 37. Re3 f6 38. Red3 Qe1 39. Kb2
e5 40. fxe5 fxe5 41. Rf3+ Ke6 42. Rdd3 Qe2+ 43. Kc3 a3 44. Kb4 a2 0-1

[Event "Baltic Sea Cup 2008"]
[Site "Ronne"]
[Date "2008.07.30"]
[Round "3"]
[White "Valle, Lorenzo"]
[Black "Svanholm, Borge Waaktaar"]
[Result "0-1"]
[WhiteElo "1573"]
[BlackElo "2003"]
[PlyCount "122"]
[EventDate "2008.07.29"]


1. e4 c5 2. Nf3 d6 3. Bb5+ Bd7 4. Bxd7+ Qxd7 5. O-O Nc6 6. Re1 e6 7. c3 Be7 8.
d4 cxd4 9. cxd4 Nf6 10. Nc3 O-O 11. e5 Ne8 12. d5 Nxe5 13. Nxe5 dxe5 14. dxe6
Qxe6 15. Qh5 f5 16. Bf4 e4 17. Rad1 Nf6 18. Qe2 Bb4 19. Qb5 Bxc3 20. bxc3 g6
21. Qxb7 Qxa2 22. Bh6 Qf7 23. Rb1 Qxb7 24. Rxb7 Rf7 25. Reb1 Rxb7 26. Rxb7 a5
27. Be3 a4 28. Bd4 Ne8 29. Rb2 Kf7 30. Kf1 Ke6 31. Rb6+ Kd5 32. Ke2 a3 33. Rb5+
Kc6 34. c4 a2 35. Rc5+ Kd6 36. Rd5+ Ke6 37. Re5+ Kf7 38. Ba1 Nd6 39. c5 Nb5 40.
c6 Nc7 41. Kd2 Ra6 42. Rc5 Ke7 43. Rc2 Kd6 44. Kc1 Rxc6 45. Rxc6+ Kxc6 46. Kb2
Kd5 47. Kxa2 Kc4 48. Be5 Nd5 49. h3 Kd3 50. Kb3 f4 51. g4 e3 52. fxe3 fxe3 53.
h4 e2 54. Bg3 Ne3 55. h5 Nxg4 56. hxg6 hxg6 57. Kb4 Ne3 58. Kc5 Ke4 59. Kd6 g5
60. Ke6 g4 61. Kf6 Kf3 0-1